000 00378cam a2200145ua 4500
041 _aeng
_h
082 _a823.308
_bSTE/CI
100 _aStevenson, Robert Louis .
245 _aKidnapped catriona /
_cRobert Louis Stevenson.
_hTextual Documents
260 _aLondon :
_bJ M Dent and Sons Ltd ,
_c1962.
300 _a390 ; .
504 _a
942 _cBK
999 _c2515
_d2515